[Event "32nd Iranian Women-ch 2022"]
[Site "Kermanshah"]
[Date "2022.03.03"]
[Round "5.1"]
[White "Zahedifar, Anahita"]
[Black "Asgharzadeh, Mitra"]
[Result "0-1"]
[WhiteElo "2213"]
[BlackElo "1950"]
[Annotator "TA"]
[PlyCount "192"]
[EventDate "2022.02.28"]
[EventType "tourn"]
[EventCountry "IRI"]
[SourceTitle "playchess.com"]
[Source "ChessBase"]
[SourceQuality "1"]

{[%evp 9,192,41,80,42,91,82,102,74,113,113,112,45,48,53,55,52,54,0,0,0,0,-14,-12,-27,-29,-34,-22,-59,0,0,0,0,77,81,252,-25,0,0,0,-50,-35,-31,-50,-35,-41,-105,-106,-133,-122,-122,-29,-32,-32,-31,-39,-29,-50,-95,-98,-280,-272,-287,-276,-360,-364,-350,-225,-206,-175,-175,-175,-175,-170,-170,-156,-158,-122,-175,-168,-156,-156,-134,-97,-198,-130,-130,0,-185,-181,-225,-222,-200,-177,-172,-131,-131,-131,-204,-204,-210,-202,-486,-489,-468,-456,-474,-460,-377,0,-450,-450,-620,-587,-652,-715,-843,-883,-993,-995,-1028,-716,-662,-560,-557,-517,-463,-431,-1028,-1019,-994,-932,-745,-614,-1001,-954,-896,-532,-503,0,-780,-745,-1462,-1420,-1317,-1225,-1249,-1246,-1255,-1091,-1374,0,-798,0,-632,-486,-469,-153,-958,-1026,-877,-929,-1107,-951,-931,-623,-399,-389,-861,-815,-1345,-1181,-6314,-6066,-4133,-1269,-5860,-5860,-5124,-3649,-2158,-1730,-8597,-7810,-6514,-2007]} 1. d4 e5 2. dxe5 Nc6 3. Nf3 d6 4. e4 Bg4 5. Be3 {[#]} Qd7 $146 ({Predecessor:} 5... Nxe5 6. Be2 Nxf3+ 7. Bxf3 Be6 8. Nc3 g6 9. Qd2 Qd7 10. O-O-O Bg7 11. Kb1 Ne7 12. Bd4 {0-1 (52) Neupane,A (1459)-Estur,G (1472) Chess.com INT 2021}) 6. Nc3 {Threatens to win with Bb5. C41: Philidor Defence.} O-O-O (6... dxe5 $14 {deserves consideration.} 7. a3 Nf6) 7. Bb5 {[%cal Oe3a7]} a6 8. Ba4 {White is better.} Qe8 9. Qe2 Bxf3 10. gxf3 (10. Qxf3 $16 Nxe5 11. Qe2 (11. Bxe8 Nxf3+ 12. gxf3 Rxe8 $11)) 10... dxe5 $14 11. Qc4 Nf6 (11... b5 $2 12. Nxb5 $1 {[%mdl 512]} axb5 13. Bxb5 $18) 12. a3 Rd6 (12... b5 13. Nxb5 $1 {[%mdl 512]} axb5 14. Bxb5 $16 (14. Qxb5 Nb8 $11)) 13. b4 (13. Rd1 $14) 13... Nd7 $11 (13... b5 14. Nxb5 axb5 15. Qxb5 $16) 14. b5 Na5 (14... Nd4 $5 {[%cal Rd7b6]}) 15. Qf1 Qe6 16. Nd5 axb5 $1 17. Qxb5 Ra6 {...c6 is the strong threat.} 18. Qd3 $1 c6 {Prevents Bb5.} (18... Nc5 $15 19. Qc3 Nc4 $1) 19. Qc3 (19. Nb4 Ra8 20. Ke2 Nc5 21. Bxc5 Bxc5 $17) 19... Kb8 20. Nb4 Ra8 (20... Bxb4 $11 21. axb4 Nc4) 21. Rb1 $16 Qc4 (21... Bxb4 $16 22. axb4 Nc4) 22. Qd2 $2 ({Only move:} 22. Nxc6+ $1 $18 Kc7 23. Rxb7+ $3 {[%mdl 512]} Kc8 24. Rb3 $1 {[%mdl 512]} (24. Qxc4 Nxc4 25. Ra7 Rxa7 $18) 24... Qxc3+ 25. Rxc3 Nxc6 26. Rxc6+ Kb7 27. Rc4) 22... Kc7 $11 (22... Qe6 23. Qc3 Bxb4 24. axb4 $16) 23. Rd1 Nf6 24. Rb1 (24. Rg1 $11) 24... Bc5 (24... Kc8 {is more complex.} 25. Rd1 Bc5 26. Bb3 Nxb3 27. cxb3 Bxe3 28. Qxe3 Qb5) 25. Bb3 (25. Rd1 $2 Rhd8 26. Nd3 Bxe3 27. Qxe3 Qxa4 $19) 25... Nxb3 {Chess con chili.} 26. cxb3 Bxb4 27. bxc4 (27. Qxb4 $15 Qxb4+ 28. axb4) 27... Bxd2+ $17 28. Kxd2 Rxa3 29. Bb6+ Kd7 (29... Kb8 $1 $17 30. Ke2 Nd7) 30. Bc5 $11 {[%csl LRa3,LRb7]} Ra2+ ({Don't take} 30... Rxf3 31. Ke2 Rf4 32. Rxb7+ Kc8 33. Rhb1 Nxe4 34. Rb8+ Kd7 35. R1b7+ (35. Rd1+ Ke6 $14) 35... Ke6 36. Re7+ Kf6 37. Rxh8 $11) 31. Ke3 $1 Rb8 32. Rhd1+ Kc8 33. Bf8 (33. Bd6 $15 Rba8 34. Bxe5) 33... Rba8 $17 34. Rd3 $2 (34. Bxg7 $17 R8a3+ 35. Rd3 Rxd3+ 36. Kxd3) 34... Nh5 $1 $19 35. Rd2 Nf4 36. Rb3 {To avoid R2a3} ({But not} 36. Rxa2 $2 Rxa2 37. Re1 Ng2+ 38. Kd3 Nxe1+ $19) 36... Ra1 37. Rdb2 R8a2 38. Bxg7 Re1+ 39. Kd2 Re2+ 40. Kc3 Raxb2 ({Worse is} 40... Rxf2 41. Rxa2 Rxa2 42. Bxe5 $11) 41. Rxb2 Rxb2 42. Kxb2 {[%mdl 4096] Endgame KB-KN} Kd7 43. Kc2 (43. Kb3 $17) 43... Kd6 44. Bf8+ Ke6 45. Kd2 Kf6 46. c5 (46. Bd6 $17 {was called for.}) 46... Ne6 (46... Kg5 $19 {And now ...Ne6 would win.} 47. Ke3 f6) 47. Bd6 $17 Nf4 (47... Ng5 $17 48. Ke2 Ke6) 48. Ke3 (48. Bf8 $1 $11 {and White stays safe.}) 48... Ke6 $19 49. Bc7 {[#]} (49. Bf8 {keeps fighting.}) 49... f6 $1 50. Kd2 Kd7 51. Ba5 Ne6 (51... Ke8 $19 52. Bc7 Ne6) 52. Bb6 $17 Ke7 53. Kd3 {[#]} (53. Ke2 $17 {might work better.}) 53... Kf7 $1 $19 54. Ke2 Kg6 {White must now prevent ...Kg5.} 55. Kf1 $2 (55. Ba7) 55... Kg5 56. Kg2 Kh4 57. h3 Nf4+ 58. Kh2 Ne6 {To avoid Bd8} 59. Kg2 h5 {[%cal Bh7h5,Bh5h4][%mdl 32]} 60. Kh2 Kg5 61. Kg3 h4+ 62. Kg2 Nf4+ 63. Kh2 Nd3 64. Kg1 Kg6 65. Ba7 Kf7 66. Bb6 Ke6 67. Ba7 Kd7 68. Kg2 (68. Bb6 $142 Nf4 69. Kh2) 68... Ne1+ 69. Kh2 Nxf3+ 70. Kg2 Ng5 71. f3 Ne6 72. Bb6 Kc8 73. Kh2 Kd7 (73... Nf4 $142 74. Ba5 Nd3) 74. Kg2 Ke8 75. Kh2 Kf7 76. Kg1 Kg6 77. Kh2 Kg5 78. Kg2 Kf4 {Hoping for ...Ng5.} 79. Kf2 Kg5 80. Kg2 $1 Kg6 81. Kh2 $1 Nd4 82. Kg2 Nb5 $2 (82... Ne2 $19 {has better winning chances.} 83. Kh2 Nf4) 83. f4 $2 (83. Ba5 $17) 83... exf4 84. Bd8 Nd4 {aiming for ...Ne6.} 85. Be7 Kf7 86. Bd6 f3+ 87. Kf2 Ke6 88. Bc7 $2 (88. Bf8) 88... Nb3 {Black is clearly winning.} 89. Bb6 Nd2 90. Ba7 Ke5 91. Ke3 {[#]} f2 $1 92. Bb8+ (92. Kxf2 Nxe4+) 92... Ke6 93. Kxf2 Nxe4+ 94. Kf3 f5 95. Kf4 Nxc5 {( -> ...Ne4)} 96. Kg5 b5 {Weighted Error Value: White=0.35/Black=0.26 (precise)} 0-1

[Event "32nd Iranian Women-ch 2022"]
[Site "Kermanshah"]
[Date "2022.03.03"]
[Round "5.2"]
[White "Masoumi, Sahar"]
[Black "Paktinat, Zhina"]
[Result "1/2-1/2"]
[WhiteElo "1925"]
[BlackElo "1903"]
[Annotator "TA"]
[PlyCount "74"]
[EventDate "2022.02.28"]
[EventType "tourn"]
[EventCountry "IRI"]
[SourceTitle "playchess.com"]
[Source "ChessBase"]
[SourceQuality "1"]

{[%evp 10,74,35,26,34,27,29,38,63,2,3,3,4,4,10,0,0,-7,-22,0,7,-36,0,-8,7,-41,-13,-15,-1,-64,0,0,0,0,0,-9,-10,-22,0,0,1,0,0,0,90,50,173,55,51,43,52,0,0,0,0,0,0,0,0,0,0,0,0,0,0,0,0]} 1. e4 e5 2. Nf3 Nf6 3. Nxe5 d6 4. Nf3 Nxe4 5. Nc3 Nf6 6. d4 d5 {C42: Petroff Defence: 3 Nxe5 and unusual White 3rd moves.} 7. Bd3 Be7 8. O-O Bg4 {White is slightly better.} 9. Bf4 (9. h3 $14 Be6 10. Ne2) 9... O-O $11 10. h3 Bh5 11. Re1 $1 Bd6 12. Bg5 c6 $1 13. g4 Bg6 14. Ne5 Qb6 {[#]} 15. Bxf6 $146 (15. Bf4 $11 Bxd3 16. Qxd3) ({Predecessor:} 15. Nxg6 fxg6 16. Re6 Qc7 17. Bxf6 Rxf6 18. Rxf6 gxf6 19. Qe2 Qf7 20. Re1 Nd7 21. a3 Kf8 22. Qe6 Qxe6 23. Rxe6 {½-½ (59) Shrestha,B (2104)-Hassan,A (2311) Doha 2006}) 15... gxf6 $15 16. Nf3 Nd7 {[%cal Bb8d7,Bd7f8,Bf8e6][%mdl 32]} 17. Kh1 (17. Qd2 $11 {should be considered.}) 17... Rfe8 18. Qd2 Nf8 19. h4 (19. Ne2 $11) 19... Qc7 (19... Ne6 $15 20. Na4 Qb4 21. Qxb4 Bxb4) 20. h5 $11 Bf4 21. Qd1 Bxd3 22. Qxd3 Bg5 23. Qf5 Ne6 24. Nxg5 fxg5 25. Re5 h6 26. Rae1 Kg7 {[#] Prevents Qf6+.} (26... Ng7 $11 27. Rxe8+ Rxe8 28. Rxe8+ Nxe8) 27. Ne2 $1 $16 {White is more active.} ({But not} 27. Rxe6 fxe6 28. Qg6+ (28. Rxe6 Rxe6 29. Qxe6 Qf7 $17) 28... Kf8 29. Qf6+ (29. Qxh6+ Qg7 $15) (29. Rxe6 Rxe6 30. Qxe6 Qh7 $17) 29... Qf7 30. Qxh6+ Qg7 31. Qxg7+ (31. Rxe6 Rxe6 32. Qxe6 Re8 $15) 31... Kxg7 $15) 27... Re7 {[#]} (27... c5 $1 $14) 28. c3 ({White should try} 28. Ng3 $1 $18) 28... Rae8 $1 $14 29. Kg1 Nf8 {[%cal Re7e5]} 30. f4 (30. Ng3 $14) 30... f6 $36 {[%mdl 2048] Black has the initiative. The position is equal.} 31. Rxe7+ Qxe7 32. fxg5 $1 fxg5 33. Rf1 $1 Qxe2 34. Qf7+ Kh8 35. Qf6+ Kg8 36. Qf7+ Kh8 37. Qf6+ Kg8 {Weighted Error Value: White=0.14 (very precise) /Black=0.19 (very precise)} 1/2-1/2

[Event "32nd Iranian Women-ch 2022"]
[Site "Kermanshah"]
[Date "2022.03.03"]
[Round "5.3"]
[White "Azali, Tannaz"]
[Black "Mahdavi, Mahdis"]
[Result "0-1"]
[WhiteElo "2100"]
[BlackElo "1692"]
[Annotator "TA"]
[PlyCount "62"]
[EventDate "2022.02.28"]
[EventType "tourn"]
[EventCountry "IRI"]
[SourceTitle "playchess.com"]
[Source "ChessBase"]
[SourceQuality "1"]

{[%evp 9,62,22,30,11,18,22,14,8,11,6,0,0,0,0,0,0,0,0,25,-27,39,8,60,30,31,33,35,0,34,-11,0,0,59,-33,0,-98,-106,-108,-26,-27,0,-128,-139,-259,-256,-418,-309,-956,-947,-1252,-1137,-1151,-1132,-2245,-2060]} 1. d4 Nf6 2. c4 g6 3. h4 Bg7 4. Nc3 d6 5. e4 c5 6. d5 {E60: King's Indian: Unusual lines and Fianchetto Variation without Nc3.} e6 7. Be2 exd5 8. exd5 {The position is equal.} O-O 9. h5 Re8 10. h6 Bh8 11. Bg5 Qb6 12. b3 Nbd7 13. Kf1 Ne5 14. g3 ({White should try} 14. Nh3) 14... Bf5 (14... Nfg4 $11) 15. Rc1 a6 (15... Ne4 $11 16. Nxe4 Bxe4) 16. Rh4 Bc8 17. Bd2 Bf5 18. Bg5 Qa5 {[#]} 19. f3 $146 (19. Kg2 $14) ({Predecessor:} 19. Kg2 Rab8 20. a4 Qc7 21. f3 Kf8 22. g4 Bc8 23. Qc2 Kg8 24. Rh3 Qd8 25. Qd2 Qb6 26. Rg3 Ned7 27. Qd1 {1-0 (52) Smaga,A (1997)-Mudra,O (2115) LSS email 2016}) 19... Rab8 20. g4 {Prevents Nh5.} Bc8 (20... Bd7 $11) 21. Bd2 (21. a4 $1 $14) 21... Qd8 {[%cal Of6d5]} 22. g5 (22. Rh2 $11 {remains equal.}) 22... Nh5 $17 23. Kg2 {[#]} f6 (23... Bf5 $1 $17 {aiming for ...f6.} 24. Qf1 (24. Ne4 f6 $17) 24... Qd7) 24. f4 $1 $11 ({Don't play} 24. Ne4 Nf7 25. Nh3 Bxh3+ 26. Rxh3 fxg5 $17) 24... fxg5 25. fxg5 (25. Rxh5 $11 {keeps the balance.} gxh5 26. fxe5 Rxe5 27. Bd3 (27. Bxh5 g4 $16)) 25... Bf5 {[%cal Ob7b5]} 26. Bxh5 (26. Nh3 $17) 26... gxh5 $19 27. Qf1 $2 (27. Qxh5 {keeps fighting.} b5 28. Rf1) 27... Bd3 28. Nge2 $2 (28. Qf2) 28... Ng6 {Black is clearly winning.} 29. Rh3 Bxc3 30. Rxd3 Bxd2 31. Rc2 {[#]} Rxe2+ $1 {Weighted Error Value: White=0.64/Black=0.26 (precise)} 0-1

[Event "32nd Iranian Women-ch 2022"]
[Site "Kermanshah"]
[Date "2022.03.03"]
[Round "5.4"]
[White "Mahdian, Anousha"]
[Black "Parvizi, Anita"]
[Result "1-0"]
[WhiteElo "2179"]
[BlackElo "1693"]
[Annotator "TA"]
[PlyCount "59"]
[EventDate "2022.02.28"]
[EventType "tourn"]
[EventCountry "IRI"]
[SourceTitle "playchess.com"]
[Source "ChessBase"]
[SourceQuality "1"]

{[%evp 12,59,43,6,6,-18,-14,-14,-13,5,-8,-10,160,172,187,210,214,206,216,216,641,689,931,912,867,806,1450,1370,1627,1531,1735,710,629,629,698,660,690,596,889,890,1166,1110,1316,750,29990,29991,29991,29992,29992,29993]} 1. Nf3 Nf6 {[%cal Bg8f6,Bf6d5,Bd5b6][%mdl 32]} 2. c4 g6 3. Nc3 d5 4. cxd5 Nxd5 5. Qb3 Nb6 6. d4 Bg7 7. e4 Bg4 {D90: Grünfeld: 4 Nf3 Bg7 sidelines.} 8. Bb5+ c6 9. Ng5 O-O {The position is equal.} 10. Be2 Bxe2 11. Nxe2 Bxd4 $2 {[#]} (11... Na6 $1 $11) 12. Qh3 $1 $16 {[%csl Gg5][%cal Rh3h7]} h5 {[#]} 13. g4 $1 Qd7 14. Nxd4 Qxd4 15. gxh5 $40 {[%mdl 128] Black is in trouble.} Rd8 $2 (15... Qb4+ $2 16. Bd2 Qd4 17. hxg6 $18) (15... Qh8 16. hxg6 Qxh3 17. gxf7+ (17. Nxh3 fxg6 18. Rg1 Na6 $16) 17... Rxf7 18. Nxh3 Rg7) 16. O-O $18 {[#] Strongly threatening hxg6.} gxh5 $146 ({Predecessor:} 16... Qh8 17. Qb3 Qf6 18. Kh1 N8d7 19. hxg6 Qxg6 20. Rg1 Kf8 21. Nxf7 Qxe4+ 22. f3 Qd5 23. Nxd8 Qxb3 {1-0 (29) Ju,W (2526)-Ni,S (2320) Wuxi 2014}) 17. Qxh5 Qg7 18. Kh1 {[%cal Og5f7]} Rd6 {[#]} 19. Nxf7 $1 {[%mdl 512] Intending Rg1 and mate.} Rg6 {Inhibits Rg1.} (19... Qg6 20. Rg1) 20. Nh6+ Kf8 21. Nf5 (21. Bf4 $142 N8d7 22. Rg1) 21... Qf7 22. Bg5 Ke8 23. Rg1 {Black must now prevent Qh3.} N8d7 24. Qh4 {[%cal Rg5e7]} Nf6 25. Bxf6 Rxf6 26. Rad1 Rxf5 27. exf5 {White wants to mate with Qh8+.} Qxf5 28. Qh8+ {White mates.} Kf7 29. Rg7+ Ke6 30. Qh6+ {White took control after the opening.  Weighted Error Value: White=0.15 (very precise) /Black=0.91} 1-0

[Event "32nd Iranian Women-ch 2022"]
[Site "Kermanshah"]
[Date "2022.03.03"]
[Round "5.5"]
[White "Heydari, Maryam"]
[Black "Hamedi Nia, Vesal"]
[Result "1/2-1/2"]
[WhiteElo "1684"]
[BlackElo "1980"]
[Annotator "TA"]
[PlyCount "87"]
[EventDate "2022.02.28"]
[EventType "tourn"]
[EventCountry "IRI"]
[SourceTitle "playchess.com"]
[Source "ChessBase"]
[SourceQuality "1"]

{[%evp 20,87,-4,-35,-24,-41,-32,-78,-76,-70,-44,-90,-27,-82,-62,-65,-68,-72,0,0,43,25,14,-93,-90,-137,-144,-159,-175,-158,-134,-167,-175,-189,-176,-176,-16,-21,-12,0,0,0,0,-5,-9,-8,0,0,0,0,0,0,0,0,0,0,0,0,0,0,0,0,4133,0,541,0,1628,0,458,0]} 1. d4 d5 2. Bf4 Nf6 3. Nf3 e6 4. e3 Bd6 5. Bg3 O-O 6. Nbd2 c5 7. c3 b6 8. Bd3 Nc6 9. Ne5 Bb7 10. O-O Qc7 11. f4 Ne7 $1 {D02: 1 d4 d5 2 Nf3 sidelines, including 2...Nf6 3 g3 and 2...Nf6 3 Bf4.} 12. Bh4 Ne4 13. Bxe4 (13. Bxe7 $15 {should be considered.} Qxe7 14. Nxe4 dxe4 15. Be2) 13... dxe4 $17 {Black is better.} 14. Bxe7 Qxe7 {[#]} 15. Qh5 $146 (15. Qb1 $15) ({Predecessor:} 15. Qc2 f5 16. Ndc4 Bc7 17. a4 Kh8 18. Rad1 Bd5 19. Kh1 Rac8 20. Qe2 Bb8 21. Rc1 {0-1 (33) Ning,K (2157)-Shuvalova,P (2388) Moscow 2018}) 15... f5 (15... Rac8 $17) 16. g4 (16. Ndc4 $11) 16... cxd4 17. cxd4 Bxe5 18. dxe5 Qc5 ({Black should try} 18... Rad8 $17 19. Rf2 Qc5) 19. Rfe1 $1 $11 Rad8 (19... Bd5 $11 {feels stronger.}) 20. Nb3 Qb4 21. g5 (21. Qh4 $11 {remains equal.}) 21... Rd3 $17 22. Rad1 (22. g6 $142 h6 23. Rac1) 22... Bd5 23. Qe2 Bxb3 24. axb3 Qxb3 25. Rxd3 exd3 {[%mdl 4096] Endgame KQR-KQR} 26. Qd2 Rc8 {And now ...Rc2 would win.} 27. Rd1 a5 $2 ({Better is} 27... Rd8 $19 {aiming for ...Kf7.} 28. Kf2 a5) 28. Qxd3 $11 Qxd3 29. Rxd3 {KR-KR} Rc1+ 30. Kf2 Rc2+ 31. Kg3 Rxb2 {Strongly threatening ...a4.} 32. h4 g6 33. Rd8+ Kf7 34. Rd7+ Kf8 35. Rxh7 a4 36. Rh8+ Kg7 37. Re8 Kf7 38. Ra8 b5 39. Ra7+ Kf8 40. Ra8+ Ke7 $2 {[%mdl 8192]} (40... Kf7 $11) 41. Ra7+ $2 (41. h5 $1 $18 {[%cal Rh5g6]} gxh5 42. g6) 41... Ke8 $2 {[%mdl 8192]} (41... Kf8 $1 $11 {and Black stays safe.}) 42. Ra8+ (42. h5 $142 gxh5 43. g6) 42... Ke7 $18 {[#]} 43. Ra7+ $2 ({White has to play} 43. h5 $1 $18 {[%cal Rh5g6]} gxh5 44. g6) 43... Ke8 $2 {[%mdl 8192] [#]} (43... Kf8 $11 {and Black is okay.}) 44. Ra8+ $2 {Quite a comeback for White.  Weighted Error Value: White=0.55/Black=0.75} (44. h5 $1 $18 gxh5 45. g6) 1/2-1/2

[Event "32nd Iranian Women-ch 2022"]
[Site "Kermanshah"]
[Date "2022.03.03"]
[Round "5.6"]
[White "Asadi, Motahare"]
[Black "Ghomi, Parnian"]
[Result "0-1"]
[WhiteElo "2093"]
[BlackElo "2026"]
[Annotator "TA"]
[PlyCount "82"]
[EventDate "2022.02.28"]
[EventType "tourn"]
[EventCountry "IRI"]
[SourceTitle "playchess.com"]
[Source "ChessBase"]
[SourceQuality "1"]

{[%evp 14,82,8,-8,39,-33,-14,-15,0,0,0,0,22,0,44,47,58,-70,-95,-67,-78,-81,8,-58,-6,-83,-90,-98,-97,-177,-165,-183,-112,-181,-62,-81,0,0,0,0,-3,-1,0,-246,-243,-280,-271,-567,-577,-598,-598,-597,-603,-639,-634,-629,-550,-595,-595,-614,-595,-588,-559,-1092,-1056,-814,-618,-29989,-29990,-29992,-29993]} 1. e4 e6 2. d3 d5 3. Nd2 Nf6 4. Ngf3 c5 5. g3 Nc6 6. Bg2 Be7 7. O-O Qc7 8. Re1 Rb8 {C00: French: Unusual White 2nd moves.} (8... O-O $11) 9. Nf1 (9. exd5 $14 exd5 10. d4) 9... d4 10. e5 Nd7 {[#] The position is equal.} 11. Bf4 $146 ({Predecessor:} 11. Qe2 b5 12. h4 Nb6 13. N1h2 a5 14. Ng4 Ba6 15. h5 h6 16. Bh3 Nd5 17. Qe4 {0-1 (44) Bodlet,F-Hareux,H (2115) Bethune 1998}) 11... b5 12. N1d2 h6 {Hoping for ...g5.} 13. h4 {Inhibits g5.} Nb6 (13... Nb4 $11 {is more appropriate.}) 14. Ne4 $14 Nd5 15. c3 (15. Nd6+ $14 Kf8 16. Nxc8 Qxc8 17. Bc1) 15... Nxf4 16. gxf4 dxc3 $1 17. bxc3 {[#]} Bb7 (17... O-O $1 $17) 18. d4 (18. f5 $1 $11) 18... Rd8 (18... cxd4 $15 19. cxd4 O-O) 19. Qc2 (19. f5 $11) 19... cxd4 $17 20. cxd4 Qb6 21. Rad1 (21. f5 $17) 21... Nb4 $19 ({Not} 21... Nxd4 22. Nxd4 Rxd4 23. Rxd4 (23. Nd6+ Bxd6 24. Rxd4 Qxd4 $11) 23... Qxd4 24. Nd6+ Bxd6 25. exd6 $11) 22. Qd2 Nd5 (22... O-O $19 23. Rb1 a5) 23. Rb1 (23. Nc5 $17) 23... a5 (23... O-O $19 {aiming for ...Rc8.} 24. h5 a5) 24. f5 $1 $15 Bb4 ({Resist} 24... exf5 25. Nd6+ Bxd6 26. exd6+ Kf8 27. Ne5 $14) (24... b4 $17 25. Rbc1 Ba8) 25. Rxb4 $1 $11 Nxb4 26. Nd6+ Rxd6 27. exd6 Qxd6 28. Re5 $2 (28. a3 $1 $11 {and White is okay.} Nd5 29. Qxa5) 28... Bd5 $19 29. Qe2 O-O {[%cal Be8g8,Bg8h8,Bh8g7,Bg7f8,Bf8e7,Be7f6][%mdl 32]} 30. f6 $2 (30. Qxb5 Nc6 31. Re3) 30... gxf6 31. Re3 Kh8 32. a3 Nc6 33. Ng5 {[%cal Oe2h5]} fxg5 34. Qh5 Kg7 35. hxg5 {[#]} Rh8 ({Weaker is} 35... Bxg2 36. Qxh6+ Kg8 37. g6 fxg6 38. Qxg6+ Kh8 39. Qh6+ Kg8 40. Qg6+ Kh8 41. Qh6+ Kg8 42. Qg6+ $16) 36. Rg3 Bxg2 37. gxh6+ Kf8 38. h7 {Strongly threatening Rg8+.} Be4 39. Qh6+ Ke7 40. Rg8 Rxh7 41. Qf8+ Kf6 {Weighted Error Value: White=0.66/Black=0.23 (precise)} 0-1

[Event "32nd Iranian Women-ch 2022"]
[Site "Kermanshah"]
[Date "2022.03.03"]
[Round "6.1"]
[White "Asgharzadeh, Mitra"]
[Black "Ghomi, Parnian"]
[Result "1-0"]
[WhiteElo "1950"]
[BlackElo "2026"]
[Annotator "TA"]
[PlyCount "49"]
[EventDate "2022.02.28"]
[EventType "tourn"]
[EventCountry "IRI"]
[SourceTitle "playchess.com"]
[Source "ChessBase"]
[SourceQuality "1"]

{[%evp 22,49,48,0,23,25,33,48,49,54,113,118,463,448,479,466,468,462,596,562,688,683,804,733,735,681,1830,1748,1543,822]} 1. e4 e6 2. d3 d5 3. Nd2 Nf6 4. Ngf3 c5 5. g3 Nc6 6. Bg2 Be7 7. O-O Qc7 8. Re1 O-O 9. e5 Nd7 10. Qe2 f6 11. exf6 Nxf6 12. Bh3 (12. b3 $14 {deserves consideration.}) 12... e5 {C00: French: Unusual White 2nd moves.} 13. Bxc8 Qxc8 14. Nxe5 Nd4 {White is slightly better.} 15. Qd1 Qh3 {[#]} (15... Bd6 $1 $14 16. c3 Bxe5 17. Rxe5 Nc6) 16. c3 $1 $16 {[%cal Bc2c3,Bc3d4,Bd4e5,Be5e6,Be6e7][%mdl 32]} Bd6 $2 {[%mdl 8192]} 17. cxd4 $18 {White is clearly winning.} Bxe5 18. dxe5 Ng4 19. Nf3 {[#]} Rf5 $146 ({Predecessor:} 19... Rxf3 20. Qxf3 Qxh2+ 21. Kf1 Rf8 22. Bf4 Qh5 23. Ke2 Qf5 24. Qxd5+ Kh8 25. f3 Nf6 26. Qxc5 Rc8 27. Qd6 Ne8 28. Qd4 Rc2+ 29. Kd1 {1-0 (29) Kozarcanin,S-Douguet,C Zuerich 1990}) 20. e6 ({Less strong is} 20. Bf4 g5 21. Bxg5 Rxg5 $18) 20... Raf8 21. Bf4 g5 {[#]} 22. e7 $1 Re8 {[#]} 23. Qe2 $1 {Qe6+ is the strong threat.} gxf4 (23... Qh6 24. Bc7) 24. Qe6+ Rf7 {[#]} 25. Qxf7+ $3 {[%mdl 512] Black got outplayed after the opening.  Weighted Error Value: White=0.13 (very precise) /Black=1.34} 1-0

[Event "32nd Iranian Women-ch 2022"]
[Site "Kermanshah"]
[Date "2022.03.03"]
[Round "6.2"]
[White "Hamedi Nia, Vesal"]
[Black "Asadi, Motahare"]
[Result "0-1"]
[WhiteElo "1980"]
[BlackElo "2093"]
[Annotator "TA"]
[PlyCount "136"]
[EventDate "2022.02.28"]
[EventType "tourn"]
[EventCountry "IRI"]
[SourceTitle "playchess.com"]
[Source "ChessBase"]
[SourceQuality "1"]

{[%evp 22,136,23,12,10,12,14,14,16,0,33,20,16,13,22,23,30,14,33,27,45,0,0,0,0,-40,10,7,13,-54,-32,-53,-40,-63,0,-45,0,0,51,64,78,61,72,60,60,60,60,0,0,0,0,0,0,0,6,0,0,0,0,0,0,0,0,-127,0,0,0,0,-14,-14,0,-14,14,0,0,-228,-222,-231,-229,-216,-234,-211,-191,-453,-183,-184,-178,-420,-399,-791,-747,-776,-785,-687,-685,-884,-855,-891,-888,-760,-710,-919,-920,-1538,-1337,-1315,-1395,-29971,-29971,-29981,-29982,-29982,-29983,-29990,-29991,-29991,-29992]} 1. d4 Nf6 2. c4 g6 3. Nc3 d5 4. Bf4 Bg7 5. e3 O-O 6. cxd5 Nxd5 7. Nxd5 Qxd5 8. Bxc7 Na6 9. Bxa6 Qxg2 10. Qf3 Qxf3 11. Nxf3 bxa6 12. Rc1 f6 {D84: Grünfeld: 4 Bf4 Bg7 5 e3 0-0 6 cxd5.} 13. Rg1 Bb7 14. Ke2 Rac8 {The position is equal.} 15. b3 {[#]} e6 $146 (15... e5 $5) ({Predecessor:} 15... Rf7) 16. Bd6 Rfd8 17. Be7 Re8 {Strongly threatening ...Rxc1.} 18. Bc5 Rc7 19. Nd2 Bd5 20. Rc2 e5 {And now ...exd4 would win.} 21. dxe5 (21. Rgc1 $14 {feels stronger.}) 21... Bf8 $11 22. b4 a5 23. Rb2 (23. exf6 axb4 24. Rg5 Be6 25. Bxf8 Rxc2 26. Bxb4 Bf5 $17) 23... axb4 (23... Rxe5 $15 24. Bxf8 Kxf8) 24. Bxf8 Rxf8 25. Rxb4 (25. exf6 $11 Rxf6 26. Rxb4) 25... fxe5 $15 26. Rg5 Bb7 $1 ({Reject} 26... Bxa2 27. Rxe5 Bf7 28. Reb5 $11) 27. Ra4 {To avoid Ba6+} Bc6 (27... Rf6 $1 $15 28. Rxe5 Ba6+ 29. Kd1 Rxf2 $1 30. Rxa6 Rd7) 28. Rb4 (28. Ra5 $11 {should be considered.}) 28... a5 (28... Rcf7 $15 {was preferrable.} 29. f3 Bxf3+ 30. Nxf3 Rxf3) 29. Rb6 $11 Bd5 (29... Bd7 $11) 30. Rxe5 $14 Rd8 {[#]} 31. Rb2 {To avoid Rc2} a4 32. Rb4 {[%cal Bb2b4,Bb4d4,Bd4d7][%mdl 32]} a3 33. Rd4 Rcd7 34. Nb1 (34. Ne4 $14 Bxe4 35. Rexe4) 34... Bxa2 $11 35. Rxd7 Bc4+ $1 36. Ke1 $1 a2 $1 37. Rxd8+ Kg7 $1 $132 {[%mdl 2048] Black has counterplay} 38. Re7+ Kh6 39. Rb7 a1=Q {Inhibits Ra8.} 40. Rd4 Qa5+ 41. Nd2 Ba6 $1 42. Rb1 {[#]} (42. Rh4+ $11 {keeps the balance.} Kg5 43. Rbb4 (43. Rhxh7 Bxb7 44. Rxb7 Kg4 $11)) 42... Qh5 (42... Qg5 $1 $17 {[%cal Rg5g1] White must now prevent ...Qg1+.} 43. Kd1 Qg1+ 44. Kc2 Qxf2) 43. Nc4 Qxh2 44. Rb6 Qg1+ 45. Ke2 Qa1 {[%mdl 1024] Black has compensation.} 46. Kf3 $1 Kh5 47. Nd6 Qh1+ 48. Kg3 $2 {White is now going downhill.} (48. Kf4 $11 {and White is okay.} Qh2+ 49. Ke4) 48... Be2 $19 {( -> ...Qf3+)} 49. Kf4 Qh2+ 50. Ke4 Qxf2 51. Rd5+ Kg4 52. Kd4 $2 (52. Rd4) 52... Bf3 (52... Qf6+ $142 53. Re5 Qd8) 53. Ne4 Qc2 {Really sharp!} 54. Nf6+ (54. Re5) 54... Kh3 55. Rd7 $2 (55. Rdb5 Qd2+ 56. Ke5 Qxe3+ 57. Kd6) 55... Qd2+ 56. Kc4 Be2+ 57. Kc5 Qxe3+ 58. Kc6 Qc3+ 59. Kb7 Bf3+ 60. Kb8 Qe5+ 61. Rbd6 h5 {...h4 is the strong threat.} 62. Kc8 g5 {[%cal Bg6g5,Bg5g4,Bg4g3][%mdl 32]} 63. Kd8 g4 {aiming for ...g3.} 64. Ra6 g3 {Black mates.} 65. Rd3 Qb8+ 66. Ke7 Qb7+ 67. Kf8 Qxa6 68. Rxf3 Qa8+ {Weighted Error Value: White=0.52/Black=0.20 (precise)} 0-1